Vainqueurs du Grand Prix du Japon de Formule 1 - Statistiques

Statistiques générales
  • Ce quiz a été pris 294 fois
  • Le résultat moyen est 30 sur 36
Statistiques - réponses
Année Circuit Vainqueur Ecurie % Correct
2007 Fuji Lewis Hamilton McLaren-Mercedes
100%
2014 Suzuka Lewis Hamilton Mercedes
100%
2015 Suzuka Lewis Hamilton Mercedes
100%
2017 Suzuka Lewis Hamilton Mercedes
100%
2018 Suzuka Lewis Hamilton Mercedes
100%
2022 Suzuka Max Verstappen Red Bull
100%
1995 Suzuka Michael Schumacher Benetton-Renault
97%
1997 Suzuka Michael Schumacher Ferrari
97%
2000 Suzuka Michael Schumacher Ferrari
97%
2001 Suzuka Michael Schumacher Ferrari
97%
2002 Suzuka Michael Schumacher Ferrari
97%
2004 Suzuka Michael Schumacher Ferrari
97%
2019 Suzuka Valtteri Bottas Mercedes
96%
1988 Suzuka Ayrton Senna McLaren-Honda
95%
1993 Suzuka Ayrton Senna McLaren-Ford
95%
2009 Suzuka Sebastian Vettel Red Bull-Renault
95%
2010 Suzuka Sebastian Vettel Red Bull-Renault
95%
2012 Suzuka Sebastian Vettel Red Bull-Renault
95%
2013 Suzuka Sebastian Vettel Red Bull-Renault
95%
2006 Suzuka Fernando Alonso Renault
94%
2008 Fuji Fernando Alonso Renault
94%
2016 Suzuka Nico Rosberg Mercedes
94%
2011 Suzuka Jenson Button McLaren-Mercedes
84%
1994 Suzuka Damon Hill Williams-Renault
79%
1996 Suzuka Damon Hill Williams-Renault
79%
1998 Suzuka Mika Häkkinen McLaren-Mercedes
79%
1999 Suzuka Mika Häkkinen McLaren-Mercedes
79%
2005 Suzuka Kimi Räikkönen McLaren-Mercedes
76%
2003 Suzuka Rubens Barrichello Ferrari
72%
1990 Suzuka Nelson Piquet Benetton-Ford
63%
1977 Fuji James Hunt McLaren-Ford
59%
1987 Suzuka Gerhard Berger Ferrari
42%
1991 Suzuka Gerhard Berger McLaren-Honda
42%
1976 Fuji Mario Andretti Lotus-Ford
35%
1992 Suzuka Riccardo Patrese Williams-Renault
29%
1989 Suzuka Alessandro Nannini Benetton-Ford
19%
Aucun quiz correspondant
Distribution des résultats
% des personnes avec chaque résultat
Percentile par nombre de réponses
Votre historique - résultats
Vous n’avez pas pris ce quiz